000 00914cab a2200289 4500
001 WB2709-10
008 090401t1991 xxu||||| |||| 00| 0 eng d
035 _a(Sirsi) u21213
041 _aeng
245 _aVacant West End office space rises
260 _c1991
350 _a0
490 _aChartered Surveyor Weekly
_vvol 35 no 8 28/2/91 p17
520 _aAccording to Richard Ellis `s latest "West End Office Market Bulletin", the West End of London has 4m sq ft more office space on the market than a year ago. Indicates the effect the recession is having on the office market.
650 _aBELGRAVIA
650 _aCOVENT GARDEN
650 _aRENTAL VALUES
650 _aST JAMES
650 _aSTRAND
650 _aSUPPLY AND DEMAND
650 _aTAKE UP
650 _aVACANCY RATE
650 _aVICTORIA
690 _aPROPERTY-COMMERCIAL PROPERTY
942 _n0
948 _c04/03/1997
999 _c14237
_d14237